[Event "Barnaul Kura Memorial"]
[Site "Barnaul"]
[Date "2023.02.26"]
[Round "7"]
[White "Smikovski, Semen"]
[Black "Vlasova, Nataliya"]
[Result "1/2-1/2"]
[WhiteElo "1878"]
[BlackElo "2166"]
[PlyCount "122"]
[EventDate "2023.02.25"]
[EventType "swiss (rapid)"]
[EventRounds "11"]
[EventCountry "RUS"]
[SourceTitle "CBM 213 Extra"]
[Source "ChessBase"]
[SourceDate "2023.05.31"]
[SourceVersion "1"]
[SourceVersionDate "2023.05.31"]
[SourceQuality "1"]

1. d4 Nf6 2. c4 g6 3. Nc3 d5 4. Bf4 Bg7 5. e3 c5 6. dxc5 Qa5 7. Rc1 dxc4 8. Bxc4 0-0 9. Nge2 Qxc5 10. Qb3 Qa5 11. 0-0 Nc6 12. Rfd1 Nh5 13. a3 Nxf4 14. Nxf4 Qg5 15. Bd5 e6 16. Ne4 Qe7 17. Bxc6 bxc6 18. Qc2 e5 19. Ne2 f5 20. Qxc6 Bb7 21. Qc4+ Kh8 22. Nd6 f4 23. Qc7 Qxc7 24. Rxc7 Ba6 25. Nc3 f3 26. Nd5 Be2 27. Rd2 e4 28. Nf7+ Kg8 29. Ng5 Rfe8 30. gxf3 exf3 31. Nh3 Be5 32. Rc6 Red8 33. e4 Kg7 34. Ng5 Rd6 35. Rc7+ Kg8 36. Ne7+ Kf8 37. Nxh7+ Ke8 38. Nd5 Rxd5 39. exd5 Bxc7 40. d6 Bb6 41. Nf6+ Kf7 42. Ne4 Rc8 43. h4 Ke6 44. b4 Kf5 45. Ng3+ Kg4 46. Nxe2 fxe2 47. Rxe2 Rd8 48. Rd2 Kxh4 49. a4 a5 50. bxa5 Bxa5 51. Rd4+ Kh3 52. Rd3+ Kg4 53. Rd5 Bb6 54. a5 Ba7 55. Kg2 g5 56. Rd3 Rd7 57. Rd5 Rd8 58. a6 Rd7 59. Rd3 Rd8 60. d7 Kf5 61. Rd5+ Ke6 1/2-1/2

[Event "Titled Tuesday intern op 24th Aug"]
[Site "Chess.com INT"]
[Date "2021.08.24"]
[Round "5"]
[White "Kadam, Om Manish"]
[Black "Vlasova, Nataliya"]
[Result "1-0"]
[WhiteElo "2114"]
[BlackElo "2215"]
[PlyCount "49"]
[EventDate "2021.08.24"]
[EventType "swiss (blitz)"]
[EventRounds "11"]
[EventCountry "USA"]
[SourceTitle "EXT 2022"]
[Source "ChessBase"]
[SourceDate "2021.10.06"]
[SourceVersion "1"]
[SourceVersionDate "2021.10.06"]
[SourceQuality "1"]

1. e4 c6 2. c4 c5 3. Nc3 Nc6 4. Nge2 g6 5. g3 Bg7 6. Bg2 d6 7. 0-0 e6 8. d3 Nge7 9. Be3 0-0 10. d4 cxd4 11. Nxd4 Nxd4 12. Bxd4 Bxd4 13. Qxd4 Nc6 14. Qd2 Qf6 15. Rad1 Rd8 16. f4 a6 17. Qf2 Qe7 18. Rd2 Rb8 19. Qb6 Qf8 20. Rfd1 Qe7 21. e5 Bd7 22. Rxd6 Be8 23. Bxc6 Bxc6 24. Rxd8+ Rxd8 25. Qxd8+ 1-0

[Event "Titled Tuesday intern op 24th Aug"]
[Site "Chess.com INT"]
[Date "2021.08.24"]
[Round "1"]
[White "Vlasova, Nataliya"]
[Black "Karttunen, Mika"]
[Result "1-0"]
[WhiteElo "2215"]
[BlackElo "2480"]
[PlyCount "65"]
[EventDate "2021.08.24"]
[EventType "swiss (blitz)"]
[EventRounds "11"]
[EventCountry "USA"]
[SourceTitle "EXT 2022"]
[Source "ChessBase"]
[SourceDate "2021.10.06"]
[SourceVersion "1"]
[SourceVersionDate "2021.10.06"]
[SourceQuality "1"]

1. Nf3 Nf6 2. g3 g6 3. Bg2 Bg7 4. 0-0 0-0 5. c4 d5 6. cxd5 Nxd5 7. d4 Nb6 8. Nc3 Nc6 9. e3 Re8 10. h3 e5 11. d5 Nb4 12. e4 c6 13. a3 Na6 14. Bg5 f6 15. Be3 Nc4 16. Bc1 c5 17. Qe2 Nd6 18. Be3 Bd7 19. Nd2 Rb8 20. Nc4 Nxc4 21. Qxc4 b5 22. Qe2 Qa5 23. b4 cxb4 24. axb4 Qxb4 25. Rxa6 Qxc3 26. Rxa7 Red8 27. Rc1 Qb3 28. Rcc7 Bf8 29. Rxd7 Rxd7 30. Rxd7 Qc4 31. Qg4 Qc8 32. Qe6+ Kh8 33. Qf7 1-0

[Event "Warsaw AIG Life rapid 8th"]
[Site "Warsaw"]
[Date "2008.12.21"]
[Round "10"]
[White "Stangl, Markus"]
[Black "Vlasova, Nataliya"]
[Result "1-0"]
[WhiteElo "2458"]
[BlackElo "2231"]
[PlyCount "73"]
[EventDate "2008.12.20"]
[EventType "swiss (rapid)"]
[EventRounds "13"]
[EventCountry "POL"]
[SourceTitle "CBM 127 Extra"]
[Source "ChessBase"]
[SourceDate "2009.01.08"]
[SourceVersion "2"]
[SourceVersionDate "2009.01.28"]
[SourceQuality "1"]

1. Nf3 Nf6 2. c4 c5 3. Nc3 Nc6 4. d4 cxd4 5. Nxd4 g6 6. e4 Bg7 7. Nc2 d6 8. Be2 Nd7 9. 0-0 a5 10. Qd2 Nc5 11. b3 0-0 12. Ba3 Bxc3 13. Qxc3 Nxe4 14. Qe3 Nf6 15. Rad1 Bf5 16. Nd4 Nxd4 17. Rxd4 Qd7 18. Rfd1 Qe6 19. Qd2 Ne4 20. Qb2 Qe5 21. Bf3 Nc5 22. Qd2 Rac8 23. Bb2 Qg7 24. Rxd6 f6 25. Rd5 b6 26. Qe3 Rfe8 27. Ba3 e5 28. Rd6 e4 29. Be2 Re6 30. g4 Rxd6 31. Rxd6 Bxg4 32. Bxg4 f5 33. Bd1 Qa1 34. Qd4 Qxa2 35. Bb2 Rc7 36. Qh8+ Kf7 37. Qf6+ 1-0

[Event "Warsaw AIG Life rapid 8th"]
[Site "Warsaw"]
[Date "2008.12.20"]
[Round "4"]
[White "Cyborowski, Lukasz"]
[Black "Vlasova, Nataliya"]
[Result "1-0"]
[WhiteElo "2504"]
[BlackElo "2231"]
[PlyCount "99"]
[EventDate "2008.12.20"]
[EventType "swiss (rapid)"]
[EventRounds "13"]
[EventCountry "POL"]
[SourceTitle "CBM 127 Extra"]
[Source "ChessBase"]
[SourceDate "2009.01.08"]
[SourceVersion "2"]
[SourceVersionDate "2009.01.28"]
[SourceQuality "1"]

1. Nf3 Nf6 2. c4 g6 3. Nc3 c5 4. d4 cxd4 5. Nxd4 Nc6 6. Nc2 Bg7 7. e4 d6 8. Be2 Nd7 9. Bd2 a5 10. 0-0 Nc5 11. b3 0-0 12. f3 Ne6 13. Kh1 Ned4 14. Nxd4 Nxd4 15. Bd3 Bd7 16. Rc1 Rb8 17. Be3 Ne6 18. Qd2 Nc5 19. Be2 Re8 20. Rfd1 Bc6 21. Nb5 b6 22. Nc3 Qc8 23. Nd5 Qb7 24. Bf1 e6 25. Nc3 Rbd8 26. Rb1 Rd7 27. a3 Qc7 28. Rdc1 a4 29. bxa4 Red8 30. Rb4 d5 31. cxd5 exd5 32. Nxd5 Bxd5 33. exd5 Rxd5 34. Qf2 Qd6 35. Bf4 Be5 36. Bxe5 Rxe5 37. h3 Rd5 38. Qe3 Rd1 39. Rbc4 Rd7 40. a5 Re7 41. Rxd1 Qxd1 42. Qc1 Re1 43. Qxd1 Rxd1 44. Kg1 Nb3 45. Rc8+ Kg7 46. axb6 Nd2 47. b7 Rxf1+ 48. Kh2 Rb1 49. b8Q Nf1+ 50. Kg1 1-0

[Event "Warsaw AIG Life rapid 8th"]
[Site "Warsaw"]
[Date "2008.12.20"]
[Round "5"]
[White "Macieja, Bartlomiej"]
[Black "Vlasova, Nataliya"]
[Result "1-0"]
[WhiteElo "2600"]
[BlackElo "2231"]
[PlyCount "47"]
[EventDate "2008.12.20"]
[EventType "swiss (rapid)"]
[EventRounds "13"]
[EventCountry "POL"]
[SourceTitle "CBM 127 Extra"]
[Source "ChessBase"]
[SourceDate "2009.01.08"]
[SourceVersion "2"]
[SourceVersionDate "2009.01.28"]
[SourceQuality "1"]

1. e4 c5 2. Nf3 Nc6 3. Bb5 Nd4 4. Nxd4 cxd4 5. 0-0 g6 6. d3 Bg7 7. Nd2 a6 8. Bc4 d6 9. f4 Nf6 10. Nf3 0-0 11. Bb3 b5 12. Qe1 Bb7 13. f5 Qd7 14. Nxd4 Nxe4 15. Ne6 Nc5 16. Nxf8 Rxf8 17. fxg6 hxg6 18. Qh4 Qc6 19. Rf2 Nxb3 20. axb3 Re8 21. Bh6 Bxb2 22. Re1 Bf6 23. Bg5 Qc3 24. Rxf6 1-0

[Event "Warsaw AIG Life rapid 8th"]
[Site "Warsaw"]
[Date "2008.12.20"]
[Round "3"]
[White "Vlasova, Nataliya"]
[Black "Gdanski, Jacek"]
[Result "1-0"]
[WhiteElo "2231"]
[BlackElo "2507"]
[PlyCount "83"]
[EventDate "2008.12.20"]
[EventType "swiss (rapid)"]
[EventRounds "13"]
[EventCountry "POL"]
[SourceTitle "CBM 127 Extra"]
[Source "ChessBase"]
[SourceDate "2009.01.08"]
[SourceVersion "2"]
[SourceVersionDate "2009.01.28"]
[SourceQuality "1"]

1. Nf3 c5 2. c4 g6 3. g3 Bg7 4. Bg2 e5 5. Nc3 Ne7 6. 0-0 Nbc6 7. Ne1 a6 8. Nc2 Rb8 9. Ne3 b5 10. d3 0-0 11. Ned5 d6 12. Rb1 b4 13. Ne4 f5 14. Nd2 h6 15. e3 Kh7 16. a3 a5 17. axb4 axb4 18. Nb3 Nxd5 19. cxd5 Ne7 20. f4 Ba6 21. fxe5 Bxe5 22. Rf2 Qb6 23. Ra1 c4 24. dxc4 Bxc4 25. Na5 Qa6 26. Rc2 Rbc8 27. Bd2 Bxd5 28. Nc6 Qd3 29. Nxb4 Qb5 30. Rxc8 Rxc8 31. Ra7 Bxg2 32. Rxe7+ Kh8 33. Kxg2 Bf6 34. Re6 Kg7 35. Rxd6 Qe5 36. Rd7+ Kh8 37. Nd5 Bg7 38. Bc3 Qe4+ 39. Qf3 Qc2+ 40. Kh3 Bxc3 41. bxc3 Qa4 42. Nf6 1-0